|
|
|
|
| LEADER |
00000cam a2200000 4500 |
| 001 |
vtls011860780 |
| 003 |
SK-MaSNL |
| 005 |
20260301101137.0 |
| 008 |
251111s1714 xo a 000 0 lat |
| 015 |
|
|
|a SNBHFA
|
| 020 |
|
|
|q viazané
|
| 035 |
|
|
|a 73848995-8FB1-4A3C-9341-687684DED8ED
|
| 035 |
|
|
|a urn:nbn:sk:snk-am3id12
|
| 035 |
|
|
|a urn:nbn:sk:snk-am00e3xh
|
| 040 |
|
|
|a SNKHF
|b slo
|c SNKHF
|e rda
|
| 041 |
0 |
|
|a lat
|
| 044 |
|
|
|a xo
|c SK
|
| 072 |
|
7 |
|a 27-4
|x Praktická teológia. Morálna teológia
|2 konspekt
|
| 080 |
|
|
|a 27-42
|2 2011
|
| 100 |
1 |
|
|a Heveneši, Gabriel,
|d 1656-1715
|4 aut
|4 aui
|9 105378
|
| 240 |
|
|
|a Opusculorum Patris Gabrielis Hevenesi E Sociatate Jesu
|n Pars Prima
|
| 245 |
1 |
0 |
|a Flores Quotidiani
|b Sive Sanctorum Castitatis Amantium Exempla; Per singulos, totius Anni dies coleccta, Et Proborum Adolescentum Imitationi
|c Per P. Gabrielem Hevenesi è Societate Jesu proposita
|
| 250 |
|
|
|a Primùm Viennae Austiae Nunc denuò Anno M. DCCXIV. Recusa
|
| 264 |
|
3 |
|a Tyrnaviae
|b Typis Academ. per Georg. Andr. Roden
|c 1714
|
| 300 |
|
|
|a 4 nečíslované strany, strany 163-290
|c 20 cm
|
| 336 |
|
|
|a text
|b txt
|2 rdacontent
|
| 337 |
|
|
|a bez média
|b n
|2 rdamedia
|
| 338 |
|
|
|a zväzok
|b nc
|2 rdacarrier
|
| 500 |
|
|
|a Ozdobné linky, ozdobná inicála s ornamentálnym pozadím na 3 riadky, dvojstĺpcová tlač, kustody
|
| 501 |
|
|
|a Príväzok 1.: SECURA Salutis Semita ... Tyrnaviae : Typis Academicis, per Leopoldum Berger, A. 1732.
|5 SNK SE 328/prív. 1
|
| 501 |
|
|
|a Príväzok 1. k: HEVENEŠI, Gabriel. Scintillae Ignatianae... Tyrnaviae : Typis Academ. per Georg. Andr. Roden, Anno M. DCC. XIV (1714).
|5 SNK SC 32165/1/1-7
|
| 508 |
|
|
|a Predslov autora
|
| 650 |
0 |
7 |
|a teológia
|2 SNKPH
|9 1814
|
| 700 |
1 |
|
|a Roden, Juraj Andrej,
|d činný 18. storočie
|9 198445
|
| 710 |
2 |
|
|a Akademická tlačiareň (Trnava, Slovensko)
|4 prt
|9 232890
|
| 752 |
|
|
|a Slovensko
|d Trnava
|
| 852 |
|
|
|a snk
|p SC 32165/1/2
|
| 852 |
|
|
|a snk
|p SE 328
|
| 958 |
|
|
|a ONDV
|
| 958 |
|
|
|a DD
|
| 999 |
|
|
|c 688366
|d 690296
|
| 952 |
|
|
|a SNK
|b SNK
|y PREZ
|7 0
|p 17A1396588
|o snkSC 32165/1/2
|i snkK 4782/73
|8 3
|0 0
|1 0
|4 0
|d 2022-11-03
|l 0
|r 2025-09-26 00:00:00
|w 2026-02-23
|
| 952 |
|
|
|a SNK
|b SNK
|y PREZ
|7 0
|p 17A1396586
|o snkSC 32165/1/2 D1
|i snkKSF 455/58
|8 5
|0 0
|1 0
|4 0
|d 2022-11-03
|l 0
|r 2026-02-23 20:18:50
|w 2026-02-23
|
| 952 |
|
|
|a SNK
|b SNK
|y PREZ
|7 0
|p 17A1396594
|o snkSC 32165/1/2 D2
|i snkF 2637/69
|8 5
|0 0
|1 0
|4 0
|d 2022-11-03
|l 0
|r 2026-02-23 20:18:50
|w 2026-02-23
|
| 952 |
|
|
|a SNK
|b SNK
|y PREZ
|7 0
|p 17A1396593
|o snkSC 32165/1/2 D3
|i snkF 2105/69
|8 5
|0 0
|1 0
|4 0
|d 2022-11-03
|l 0
|r 2026-02-23 20:18:50
|w 2026-02-23
|
| 952 |
|
|
|a SNK
|b SNK
|y PREZ
|7 0
|p 17A0731596
|o snkSE 328
|i snk2976/29
|0 0
|1 0
|4 0
|d 2019-04-10
|f 1
|l 0
|r 2026-02-23 20:18:50
|w 2026-02-23
|